| 000 | 00767nam a2200205 a 4500 | ||
|---|---|---|---|
| 001 | 000027645 | ||
| 005 | 20240409073641.0 | ||
| 008 | 110404t1996 dr ac 001 0bspa d | ||
| 020 | _a0915534436 | ||
| 040 |
_aDO-SdBNP _bspa _cBNPHU |
||
| 082 |
_a923.17293 _bT866p, 1996 |
||
| 100 | 1 |
_aPeña Rivera, Víctor Alicinio, _d1935- _954735 |
|
| 245 | 1 | 0 |
_aTrujillo : _bhistoria oculta de un dictador / _cVíctor Alicinio Peña Rivera. |
| 250 | _a3ª ed. | ||
| 260 |
_aSanto Domingo : _bPublicaciones América, _c1996. |
||
| 300 |
_a413 p. : _bil., retrs. ; _c21 cm. |
||
| 600 | 1 | 0 |
_aTrujillo Molina, Rafael Leónidas, _d 1891-1961 _976764 |
| 651 | 4 |
_aRepública Dominicana _xPolítica Y Gobierno _yERA DE TRUJILLO, 1930-1961 _91374 |
|
| 910 | _aValidado. Control de calidad EMS. | ||
| 999 |
_c27137 _d27137 |
||